000 00547nam a2200193Ia 4500
003 GCL
008 140319s9999 xx 000 0 eng d
040 _aGCL /
_cGCL
082 0 4 _a823
_bD H
100 1 _aDE FOE, DANIEL
245 1 0 _aTHE LIFE AND STRANGE SURPRIZING ADVENTURES OF ROBINSON CRUSAS OF YORK MARINER . /
_cDE FOE, DANIEL
260 _a[S.N] :
_bOXFORD UNIVERSITY PRESS ،
_c1983
300 _a316 P
650 0 4 _aENGLISH LITERATURE
650 0 4 _aLITERATURE
650 0 4 _aENGLISH FICTION
650 0 4 _aFICTION
942 _2ddc
_cBK
999 _c15873
_d15873